01669nam a2200289 a 450000100060000000300080000600500170001400800390003102000150007002000220008503500190010704000270012604100080015308200250016124500700018626000480025630000380030449000480034250400360039050505610042665100550098770000340104294200120107699900170108895201380110595201360124327811BD-RjUL20211209051214.0140327s1984 enkb b 001 0 eng a0865316570 a0865316589 (pbk.) a(BD-RjUL)27890 aDLCcDLCdBD-RjULbeng aeng00a956.05219bMID 198414aThe Middle East since Camp David /cedited by Robert O. Freedman. aBoulder ; London :bWestview Press,cc1984. axiv, 263 p. :bill.,map ;c23 cm. aWestview special studies on the Middle East aInclude bibliography and index.0 aIntroduction / Robert O. Freedman -- Superpower perspectives. Soviet policy toward the Middle East since Camp David / Robert O. Freedman -- U.S. policy on the Middle East in the period since Camp David / Barry Rubin -- Regional perspectives. The post-Camp David Arab world / Shireen T. Hunter and Robert E. Hunter -- Iran and the Middle East in the Khomeini era / Robert G. Darius -- Domestic perspectives since Camp David. Syrian policy / John F. Devlin -- Israeli policy / Don Peretz -- Egyptian policy / Louis J. Cantori -- The PLO / Aaron David Miller. 0aMiddle EastxPolitics and governmenty1945-9709731 aFreedman, Robert Owen.985369 2ddccBK c27811d27811 00102ddc40728NFICaRUCLbRUCLcReadingd1988-01-18eAsia foundationl0o956.05 MID 1984r2014-03-27 00:00:00tC-1w2014-03-27yBK 00102ddc40708NFICaRUCLbRUCLcStackd1990-04-16eAsia Foundationl0o956.05 MID 1984r2017-02-23 00:00:00tC-2w2017-02-23yBK